000 00724nam a2200241Ia 4500
003 OSt
005 20220923221841.0
006 a|||||r|||| 00| 0
007 ta
008 220922b |||||||| |||| 00| 0 hin d
024 _a200,475
037 _cTextual
040 _aARTS
_cARTS
_bhin
041 _2hin
_ahin
082 _aQ8441:332wK66, 152M0
100 _aहरबंस सिंह
245 0 _aगुरु गोविन्द सिंह
246 _aGuru govinda sianha
260 _aदिल्ली
_b राधाकृष्ण
_c1980
300 _a102पृ.
_ccm.
942 _hQ8441:332wK66, 152M0
_cTEXL
_2CC
999 _c352147
_d352147